The bhagvadgita / (Record no. 37706)

MARC details
000 -LEADER
fixed length control field 00657nam a22001937a 4500
005 - DATE AND TIME OF LATEST TRANSACTION
control field 20100726134156.0
010 ## - LCCN (DPL NO)
LC control number ENG-96925
020 ## - INTERNATIONAL STANDARD BOOK NUMBER
International Standard Book Number 9788128812545
Terms of availability 125.00
035 ## - SYSTEM CONTROL NUMBER
System control number EN-80458
037 ## - SOURCE OF ACQUISITION
Source of stock number/acquisition DBAD/PUB
082 ## - DEWEY DECIMAL CLASSIFICATION NUMBER
Classification number 181.45
100 ## - MAIN ENTRY--PERSONAL NAME
Personal name Gandhi, M. K.
245 ## - TITLE STATEMENT
Title The bhagvadgita /
Statement of responsibility, etc M. K. Gandhi
260 ## - PUBLICATION, DISTRIBUTION, ETC. (IMPRINT)
Place of publication, distribution, etc New Delhi
Name of publisher, distributor, etc Diamond Books
Date of publication, distribution, etc 2009
270 ## - ADDRESS
Address X-30, Okhla Industrial Area, Phase-II
City New Delhi
Postal code 110020
300 ## - PHYSICAL DESCRIPTION
Extent 295 p.
Dimensions 23 cm (Pbk)
942 ## - ADDED ENTRY ELEMENTS (KOHA)
Source of classification or shelving scheme Dewey Decimal Classification
Item type English Books
Classification part 181.45
Call number suffix GAN
Holdings
Withdrawn status Lost status Not for loan Collection code Home library Current library Date acquired Cost, normal purchase price Full call number Barcode Copy number Cost, replacement price Koha item type
    Not For Loan Non-fiction D.B.Act.Division D.B.Act.Division 26/07/2010 125.00 181.45 GAN EN-80458 1 125.00 English Books

© Delhi Public Library
Hit Counter
free hit counter